Anne of green gables (Record no. 9092)

MARC details
000 -LEADER
fixed length control field 00944nam a22002177a 4500
003 - CONTROL NUMBER IDENTIFIER
control field OSt
005 - DATE AND TIME OF LATEST TRANSACTION
control field 20260313021838.0
008 - FIXED-LENGTH DATA ELEMENTS--GENERAL INFORMATION
fixed length control field 260313b |||||||| |||| 00| 0 eng d
020 ## - INTERNATIONAL STANDARD BOOK NUMBER
International Standard Book Number 0-553-21313-x
040 ## - CATALOGING SOURCE
Original cataloging agency DWCL GS lib
Transcribing agency OC
082 ## - DEWEY DECIMAL CLASSIFICATION NUMBER
Classification number M767a 1998
100 ## - MAIN ENTRY--PERSONAL NAME
Personal name MONTGOMERY, L.M.
245 ## - TITLE STATEMENT
Title Anne of green gables
Statement of responsibility, etc. L.M. MONTGOMERY
260 ## - PUBLICATION, DISTRIBUTION, ETC.
Place of publication, distribution, etc. New York
Name of publisher, distributor, etc. Bantam Books
Date of publication, distribution, etc. 1998
300 ## - PHYSICAL DESCRIPTION
Extent 308 p
Dimensions 17 cm
520 ## - SUMMARY, ETC.
Summary, etc. a classic 1908 coming-of-age story about Anne Shirley, an imaginative, red-haired, 11-year-old orphan mistakenly sent to live with elderly siblings Marilla and Matthew Cuthbert on Prince Edward Island.
650 ## - SUBJECT ADDED ENTRY--TOPICAL TERM
Topical term or geographic name entry element Her story is set in the fictional village of Avonlea on Prince Edward Island during the late 19th and early 20th centuries.
650 ## - SUBJECT ADDED ENTRY--TOPICAL TERM
Topical term or geographic name entry element it offers several profound life lessons about resilience, imagination, and the power of a positive outlook
700 ## - ADDED ENTRY--PERSONAL NAME
Personal name L.M. MONTGOMERY
942 ## - ADDED ENTRY ELEMENTS (KOHA)
Source of classification or shelving scheme Dewey Decimal Classification
Koha item type Fiction
Suppress in OPAC No

No items available.